000 00795nam a2200265 i 4500
001 66709
003 ES-MaACL
005 20230906165807.0
007 t|
008 030924s2003 sp ||||0| spa d
020 _a84-493-1393-7
040 _aM-BN
_bspa
_cM-BN
080 _a165.612
100 1 _aZolla, Elémire.
_9118335
245 1 0 _aQué es la tradición /
_cElémire Zolla ; [traducción de Julián de Jódar].
260 _aBarcelona :
_bPaidós Ibérica,
_c[2003]
300 _a314 p. ;
_c22 cm.
490 1 _aPaidós orientalia ;
_v81
650 1 4 _aTradicionalismo (Filosofía)
_917607
700 1 _aJódar, Julián de.
_966695
830 0 _aPaidós orientalia ;
_v81
_9180381
852 _aES-MaACL
_jL-27209
_bR.132854
999 _c66709
_d66709